| 000 | 02216nam0a2200397 4500 | ||
|---|---|---|---|
| 001 | RU\NLR\bibl\1836118 | ||
| 005 | 20260405101225.0 | ||
| 010 |
_a978-5-902754-63-3 _9300 |
||
| 021 |
_aRU _b2011-83851 _95974 |
||
| 035 | _a(NLR Aleph) 001826604 | ||
| 090 |
_a2079817 _c2079817 |
||
| 100 | _a20111118d2011 |||y0rusy50 ca | ||
| 101 | 0 |
_arus _deng |
|
| 102 | _aRU | ||
| 105 | _aab ||||||||| | ||
| 200 | 1 |
_aОпасные геологические процессы на Юге Якутии и сопредельных территориях _dHazardous geological processes in the South of Yakutia and adjacent territories _zeng _fВ.К. Лапердин, В.С. Имаев, И.И. Верхозин [и др.] _gотв. ред. д.г.-м.н., проф. Р.М. Семенов _g[Сиб. отд-ние РАН, Ин-т земной коры] |
|
| 210 |
_aИркутск _cИнститут земной коры СО РАН _d2011 |
||
| 215 |
_a239 с. _cил., цв. ил., карт. _d24 |
||
| 300 | _aНа 4-й с. обл. авт.: Лапердин В.К., д.г.м.н., Имаев В.С., д.г.м.н., проф., действ. чл. Акад. наук Саха (Якутия), Верхозин И.И., к.г.м.н., доц. | ||
| 300 | _aРез. на англ. яз. | ||
| 320 | _aБиблиогр.: с. 225-239 | ||
| 510 | 0 |
_aHazardous geological processes in the South of Yakutia and adjacent territories _zeng |
|
| 606 | 1 |
_aОпасные геологические процессы _yСаха (Якутия), Республика _92628733 _3RU\NLR\auth\661565293 |
|
| 686 | _aД389(2Р54-6Я) | ||
| 686 | _aД492(2Р54-6Я) | ||
| 701 | 1 |
_aЛапердин _bВ. К. _gВалерий Кириллович _4070 |
|
| 701 | 1 |
_aИмаев _bВ. С. _gВалерий Сулейманович _4070 |
|
| 701 | 1 |
_aВерхозин _bИ. И. _gИван Иванович _4070 |
|
| 702 | 1 |
_4340 _8rus _7ca _aСеменов _bР. М. _cд-р геол.-минерал. наук _gРудольф Михайлович _3RU\NLR\auth\7737212 _920201 |
|
| 801 | 0 |
_aRU _bNLR _c20111118 _gRCR |
|
| 801 | 1 |
_aRU _bNLR _c20111118 |
|
| 942 | _cBOOK | ||
| 980 | _aNB | ||
| 980 | _aNBR | ||